<?xml version="1.0" encoding="UTF-8"?>
<record
    xmlns:xsi="http://www.w3.org/2001/XMLSchema-instance"
    xsi:schemaLocation="http://www.loc.gov/MARC21/slim http://www.loc.gov/standards/marcxml/schema/MARC21slim.xsd"
    xmlns="http://www.loc.gov/MARC21/slim">

  <leader>00857nam a22001577a 4500</leader>
  <controlfield tag="003">OSt</controlfield>
  <controlfield tag="005">20151028144755.0</controlfield>
  <controlfield tag="008">151028b        xxu||||| |||| 00| 0 eng d</controlfield>
  <datafield tag="040" ind1=" " ind2=" ">
    <subfield code="c">RUA</subfield>
  </datafield>
  <datafield tag="082" ind1=" " ind2=" ">
    <subfield code="a">ATM.Sp NEO 2003 B064 Or.1</subfield>
  </datafield>
  <datafield tag="100" ind1=" " ind2=" ">
    <subfield code="9">3036</subfield>
    <subfield code="a">NEOU, SOEUNSONAT.</subfield>
  </datafield>
  <datafield tag="245" ind1=" " ind2=" ">
    <subfield code="a">Breeder seed of cherry tomato cln 1561k variety at kbal koh vegetable research station on wet season 2002, &#x1780;&#x17B6;&#x179A;&#x1795;&#x179B;&#x17B7;&#x178F;&#x1796;&#x17BC;&#x1787;&#x179F;&#x17BB;&#x1791;&#x17D2;&#x1792;&#x1787;&#x17C6;&#x1793;&#x17B6;&#x1793;&#x17CB;&#x1791;&#x17B8;&#x1794;&#x17B8;&#x1794;&#x17C9;&#x17C1;&#x1784;&#x1794;&#x17C9;&#x17C4;&#x17C7;&#x1795;&#x17D2;&#x179B;&#x17C2;&#x178F;&#x17BC;&#x1785;&#x1796;&#x17BC;&#x1787; &#x179F;&#x17C1; &#x17A2;&#x17B7;&#x179B; &#x17A2;&#x17B7;&#x1793; &#x17E1;&#x17E5;&#x17E6;&#x17E1;&#x200B;&#x1780;&#x17B6;&#x200B; &#x1793;&#x17C5;&#x179F;&#x17D2;&#x1790;&#x17B6;&#x1793;&#x17B8;&#x1799;&#x17CF;&#x1796;&#x17B7;&#x179F;&#x17C4;&#x1792;&#x1793;&#x17CF;&#x1796;&#x17BC;&#x1787;&#x1794;&#x1793;&#x17D2;&#x179B;&#x17C2;&#x1780;&#x17D2;&#x1794;&#x17B6;&#x179F;&#x1780;&#x17C4;&#x17C7;&#x1780;&#x17D2;&#x1793;&#x17BB;&#x1784;&#x179B;&#x17D0;&#x1780;&#x17D2;&#x1781;&#x1781;&#x17D0;&#x178E;&#x17D2;&#x178C;&#x179A;&#x178A;&#x17BC;&#x179C;&#x179C;&#x179F;&#x17D2;&#x179F;&#x17B6;&#x1786;&#x17D2;&#x1793;&#x17B6;&#x17C6; &#x17E2;&#x17E0;&#x17E0;&#x17E2;</subfield>
  </datafield>
  <datafield tag="260" ind1=" " ind2=" ">
    <subfield code="a">Phnom Penh</subfield>
    <subfield code="b">RUA</subfield>
    <subfield code="c">2003</subfield>
  </datafield>
  <datafield tag="300" ind1=" " ind2=" ">
    <subfield code="a">59p.</subfield>
    <subfield code="b">ill.</subfield>
    <subfield code="c">29cm.</subfield>
  </datafield>
  <datafield tag="942" ind1=" " ind2=" ">
    <subfield code="2">ddc</subfield>
    <subfield code="c">ATMSP</subfield>
  </datafield>
  <datafield tag="999" ind1=" " ind2=" ">
    <subfield code="c">2830</subfield>
    <subfield code="d">2830</subfield>
  </datafield>
  <datafield tag="952" ind1=" " ind2=" ">
    <subfield code="0">0</subfield>
    <subfield code="1">0</subfield>
    <subfield code="2">ddc</subfield>
    <subfield code="4">0</subfield>
    <subfield code="6">ATM__SP_NEO_2003_000000000000000_B064_OR_1</subfield>
    <subfield code="7">0</subfield>
    <subfield code="9">13763</subfield>
    <subfield code="a">LBB</subfield>
    <subfield code="b">LBB</subfield>
    <subfield code="c">B064</subfield>
    <subfield code="d">2015-10-28</subfield>
    <subfield code="o">ATM.Sp NEO 2003 B064 Or.1</subfield>
    <subfield code="p">RUA008722</subfield>
    <subfield code="r">2015-10-28</subfield>
    <subfield code="w">2015-10-28</subfield>
    <subfield code="y">ATMSP</subfield>
  </datafield>
  <datafield tag="952" ind1=" " ind2=" ">
    <subfield code="0">0</subfield>
    <subfield code="1">0</subfield>
    <subfield code="2">ddc</subfield>
    <subfield code="4">0</subfield>
    <subfield code="6">ATM__SP_NEO_2003_000000000000000_B064_OR_2</subfield>
    <subfield code="7">0</subfield>
    <subfield code="9">13764</subfield>
    <subfield code="a">LBB</subfield>
    <subfield code="b">LBB</subfield>
    <subfield code="c">B064</subfield>
    <subfield code="d">2015-10-28</subfield>
    <subfield code="o">ATM.Sp NEO 2003 B064 Or.2</subfield>
    <subfield code="p">RUA001732</subfield>
    <subfield code="r">2015-10-28</subfield>
    <subfield code="w">2015-10-28</subfield>
    <subfield code="y">ATMSP</subfield>
  </datafield>
  <datafield tag="952" ind1=" " ind2=" ">
    <subfield code="0">0</subfield>
    <subfield code="1">0</subfield>
    <subfield code="2">ddc</subfield>
    <subfield code="4">0</subfield>
    <subfield code="6">ATM__SP_NEO_2003_000000000000000_B064_OR_3</subfield>
    <subfield code="7">0</subfield>
    <subfield code="9">13765</subfield>
    <subfield code="a">LBB</subfield>
    <subfield code="b">LBB</subfield>
    <subfield code="c">B064</subfield>
    <subfield code="d">2015-10-28</subfield>
    <subfield code="l">1</subfield>
    <subfield code="m">1</subfield>
    <subfield code="o">ATM.Sp NEO 2003 B064 Or.3</subfield>
    <subfield code="p">RUA001660</subfield>
    <subfield code="r">2018-11-12</subfield>
    <subfield code="s">2018-11-02</subfield>
    <subfield code="w">2015-10-28</subfield>
    <subfield code="y">ATMSP</subfield>
  </datafield>
  <datafield tag="952" ind1=" " ind2=" ">
    <subfield code="0">0</subfield>
    <subfield code="1">0</subfield>
    <subfield code="2">ddc</subfield>
    <subfield code="4">0</subfield>
    <subfield code="6">ATM__SP_NEO_2003_000000000000000_B064_OR_4</subfield>
    <subfield code="7">0</subfield>
    <subfield code="9">13837</subfield>
    <subfield code="a">LBB</subfield>
    <subfield code="b">LBB</subfield>
    <subfield code="c">B046</subfield>
    <subfield code="d">2015-10-28</subfield>
    <subfield code="o">ATM.Sp NEO 2003 B064 Or.4</subfield>
    <subfield code="p">RUA001876</subfield>
    <subfield code="r">2015-10-28</subfield>
    <subfield code="w">2015-10-28</subfield>
    <subfield code="y">ATMSP</subfield>
  </datafield>
  <datafield tag="952" ind1=" " ind2=" ">
    <subfield code="0">0</subfield>
    <subfield code="1">0</subfield>
    <subfield code="2">ddc</subfield>
    <subfield code="4">0</subfield>
    <subfield code="6">ATM__SP_NEO_2003_000000000000000_B064_OR_5</subfield>
    <subfield code="7">0</subfield>
    <subfield code="9">13838</subfield>
    <subfield code="a">LBB</subfield>
    <subfield code="b">LBB</subfield>
    <subfield code="c">B046</subfield>
    <subfield code="d">2015-10-28</subfield>
    <subfield code="l">1</subfield>
    <subfield code="o">ATM.Sp NEO 2003 B064 Or.5</subfield>
    <subfield code="p">RUA001804</subfield>
    <subfield code="r">2023-08-04</subfield>
    <subfield code="s">2023-07-19</subfield>
    <subfield code="w">2015-10-28</subfield>
    <subfield code="y">ATMSP</subfield>
  </datafield>
  <datafield tag="952" ind1=" " ind2=" ">
    <subfield code="0">0</subfield>
    <subfield code="1">0</subfield>
    <subfield code="2">ddc</subfield>
    <subfield code="4">0</subfield>
    <subfield code="6">ATM__SP_NEO_2003_000000000000000_B064_OR_6</subfield>
    <subfield code="7">0</subfield>
    <subfield code="9">36298</subfield>
    <subfield code="a">LBB</subfield>
    <subfield code="b">LBB</subfield>
    <subfield code="c">B064</subfield>
    <subfield code="d">2016-01-25</subfield>
    <subfield code="l">2</subfield>
    <subfield code="o">ATM.Sp NEO 2003 B064 Or.6</subfield>
    <subfield code="p">RUA033649</subfield>
    <subfield code="r">2019-04-02</subfield>
    <subfield code="s">2019-03-19</subfield>
    <subfield code="w">2016-01-25</subfield>
    <subfield code="y">ATMSP</subfield>
  </datafield>
</record>
